000 02490nam a22003257a 4500
999 _c58452
_d58452
003 Ge_BSU
005 20220215132016.0
008 220215s2021ge xxu||||| |||| 00| 0 geo d
020 _a9789941837647
041 _ageo
080 _a737(479.223) ვ-21
100 _aვარშალომიძე, ირინე.
_913550
245 _aხარიტონ ახვლედიანის სახელობის აჭარის მუზეუმში დაცული მონეტების კატალოგი /
_cირინე ვარშალომიძე, ნინო ძნელაძე ; რედ. ამირან კახიძე ;წინასიტყვაობა და რეზიუმე თარგმნა ირინე ხაჟალიამ ; ფოტოები: გიორგი დუმბაძე, ბესო დიასამიძე, ზაალ შენგელია ; დიზაინი დათო მოსიაშვილი .
264 _aბათუმი,
_c2021.
300 _a592 გვ. ;
_c 30 სმ.
504 _aბიბლიოგრაფია: გვ. 584-591.
546 _aთავფურცლის მე-3 გვერდი ინგლისურ ენაზე ტექსტი ქართულ და ინგლისურ ენებზე.
653 _aხარიტონ ახვლედიანის სახელობის აჭარის მუზეუმში დაცული მონეტების კატალოგი
653 _aმონეტები
653 _aმედლები
653 _aმედალიონები
700 _aძნელაძე, ნინო
_913551
700 _a კახიძე, ამირან
_eრედაქტორი
_913552
700 _aხაჟალია, ირინე
_eმთარგმნელი
_913553
700 _aდუმბაძე, გიორგი [და სხვ.]
_eფოტორბი
_913554
700 _aმოსიაშვილი, დათო
_eდიზაინერი
_97743
710 _aბათუმის შოთა რუსთაველის სახელმწ. უნივერსიტეტი, ნიკო ბერძენიშვილის ინსტიტუტი
_913555
773 _tნაჩუქარი
942 _2udc
_cBK